Suomenkieliset sanoitukset, Dingo - Levoton tuhkimo - Statistics

Yleistilastot
  • Tätä visaa on pelattu 925 kertaa
  • Keskiarvotulos 19 / 24
Vastaustilastot
Sanat % Oikein
{josta} pitää kii
96%
Ei tarvitse mennä {nukkumaan} itkeäkseen
95%
Ja elämä on {helppoo} silloin, kun on joku,
95%
itsensä {unelmiin}
94%
itsestään {marttyyrin}
93%
Päivästä päivään {levoton tuhkimo} tekee
92%
Toivot, että joku {huomaisi} sinutkin
88%
Juot ja {katselet} vieraisiin pöytiin
87%
kaikki tietää sun {tuhkimotarinas} nimeltään
85%
Pöydässäsi ei {oo} yhtään ystävää
85%
Ja elämä on päivästä päivään {vieraiden}
84%
Pikimustat tähdet {tuijottaa} takaisin
83%
{pilkkaa} sinullekin
83%
{Salaa} vilkaiset itseäsi peiliin
78%
kunnes paha sormi tavoitti {karkurin}
72%
Illan värivalot on {kaikille} juhlaa (jaa jaa jaa)
70%
Rakkauden {hinta} on nimensä veroinen
70%
Ilta {pimenee} ja ihmiset lähtee pois
68%
Valot eivät vain loista kasvoille {sankarin}
68%
Ennen {taivas} oli avoinna sinullekin
67%
Sä et lähtis nyt kun {aikaakin} vielä ois
67%
kynttilöitä {syttyy} ja pidetään hauskaa
65%
{Vasen} jalkasi hakkaa rytmissä musiikin
62%
{Ulkona} sua oottaa lohduton huominen
44%
Ehtoja vastaavia visoja ei löytynyt
Tulosjakauma
Jokaisen tuloksen saaneiden osuus
Persentiili vastausten määrän mukaan
Tuloshistoriasi
Et ole pelannut tätä visaa